GPVWC 2024 Teams quiz - Statistics

General Stats
  • This quiz has been taken 36 times
  • The average score is 31 of 58
Answer Stats
Hint Answer % Correct
FS2 Team KV86 Powerhouse
95%
FS1 Team AlphaDelta Racing Team
91%
FS2 Team Apex Grand Prix
91%
SL Team Edge Esports
82%
SL Team Super Venturi
82%
SL Team TOP Esports
82%
FS1 Team Malta Force GP
73%
SL Team Nocturne
73%
SL2 Team Road2Formula Racing
73%
FS2 Team ST Racing
73%
SL Team THR
73%
FS1 Team KKR Racing
68%
FS1 Team MS Performance
68%
FS1 Team NetRex GP
68%
SL2 Team Valle Esports
68%
FS2 Team Optiminal Esports
64%
SL2 Team Spark Racing Team
64%
SL2 Team True North Motorsport
64%
SL2 Team Alfa Sierra Simracing
59%
SL Team Edonis Engineering
59%
FS2 Team GPVWC Academy
59%
FS2 Team Priority 1 Esports
59%
FS2 Team Scuderia KAP Clay
59%
FS2 Team Team RNG
59%
FS1 Team Team Rookie Monsters
59%
SL Team AKA Hero
55%
FS2 Team Hut Performance Engineering
55%
SL Team Epic Racing Team
50%
SL Team Holland Racing Team
50%
FS1 Team Kings Racing
50%
FS1 Team Lunarc
50%
FS2 Team Reedingame Studios Racing
50%
FS2 Team Zero-One eSports
50%
SL Team Zortax Racing
50%
FS2 Team Fryslan Racing Team
45%
SL Team Green Stripes Racing
45%
SL2 Team PZZW Racing Team
45%
SL2 Team Red VEN Racing
45%
FS2 Team Smile Power Racing
45%
SL2 Team TTF Racing
45%
SL2 Team Chaos
41%
FS2 Team Excelion Motorsport
41%
SL2 Team Fusion Racing
41%
FS1 Team Grifone eSports
41%
FS1 Team Hundred to One
41%
FS2 Team Hunter Burch Simulation
41%
FS1 Team VMS SunEdits Racing
41%
SL2 Team Gallery82 Motorsport
36%
SL Team Powered by RSR
36%
SL Team Virtualdrivers by TX3
36%
FS1 Team HGP Motorsports
32%
FS1 Team PARALLAX Vulpino Racing
32%
SL Team Pescara ADG
32%
FS1 Team Pixelate Esports
32%
FS2 Team Scuderia Freccia Nera
32%
SL2 Team Draig Racing
27%
FS1 Team Hyperion Esports
27%
SL Team STAX Racing
27%
No matching quizzes found
Score Distribution
Percent of People with Each Score
Percentile by Number Answered
Your Score History
You have not taken this quiz